Top 15 Trade Products for Imports and Exports - Canada - Statistics

General Stats
  • This quiz has been taken 25 times
  • The average score is 12 of 30
Answer Stats
Hint Answer % Correct
9.53% (Transportation) Cars
95%
7.96% (Transportation) Cars
95%
3% (Precious Metals) Gold
95%
1.35% (Precious Metals) Gold
95%
15.5% (Mineral Products) Crude Petroleum
90%
3.31% (Mineral Products) Crude Petroleum
90%
2.85% (Mineral Products) Refined Petroleum
90%
4.28% (Mineral Products) Refined Petroleum
90%
1.62% (Transportation) Planes, Helicopters, and/or Spacecraft
67%
0.96% (Transportation) Planes, Helicopters, and/or Spacecraft
67%
1.35% (Vegetable Products) Wheat
57%
2.35% (Mineral Products) Petroleum Gas
52%
2.13% (Machines) Computers
43%
1.40% (Mineral Products) Coal Briquettes
38%
3.71% (Transportation) Delivery Trucks
24%
1.51% (Metals) Raw Aluminium
24%
1.25% (Paper Goods) Sulfate Chemical Woodpulp
19%
0.85% (Plastics and Rubbers) Rubber Tires
14%
1.16% (Chemical Products) Blood, antisera, vaccines, toxins, and cultures
5%
1.63% (Chemical Products) Packaged Medicaments
5%
2% (Chemical Products) Packaged Medicaments
5%
1.17% (Transportation) Tractors
5%
1.68% (Machines) Broadcasting Equipment
0%
1.69% (Machines) Gas Turbines
0%
1.22% (Chemical Products) Potassic Fertilizers
0%
1.79% (Woods Products) Sewn Wood
0%
1.34% (Machines) Spark-Ignition Engines
0%
0.78% (Transportation) Trailers
0%
2.63% (Transportation) Vehicle Parts
0%
1.39% (Transportation) Vehicle Parts
0%
No matching quizzes found
Score Distribution
Percent of People with Each Score
Percentile by Number Answered
Your Score History
You have not taken this quiz